000 00427pab a2200169 454500
008 180718b2014 xxu||||| |||| 00| 0 eng d
100 _aAnant Kumar
245 _aThe politics behind Jharkhand's domicile policy
260 _c2014
300 _ap.21-22.
362 _a26 Apr
650 _aDomicile - India - Jharkhand
650 _aDomicile
773 _aEconomic and Political Weekly
908 _aN
909 _a105637
999 _c105632
_d105632